000 00759 a2200265 4500
001 200001080
003 TR-AnTOB
005 20250515142824.0
008 110221s2009 ko 000 0
020 _a9781599663432
040 _aTR-AnTOB
_beng
_cTR-AnTOB
_erda
041 0 _aeng
050 0 0 _aPE1128
099 _aPE EASY COM L6 KOS 2012
100 1 _aHardy, Thomas,
_d1840-1928
_95102
245 0 0 _aTess of the d'Urbervilles /
_cThomas Hardy ; retold by Pieter Koster.
264 1 _aKorea:
_bCompass Publishing,
_c2009.
300 _a127 p.;
_c20 cm.
_e+ 1 CD-ROM
500 _aLevel 6
650 0 0 _aEnglish language
_xStudy and teaching
_95872
650 0 0 _aReaders
_967599
700 0 _aKoster, Pieter
_920046
942 _cMX
_2lcc
999 _c200001080
_d17637